Water Sources and use in Semi-Arid Africa: (Record no. 2903)

MARC details
000 -LEADER
fixed length control field 00462nam a22001337a 4500
008 - FIXED-LENGTH DATA ELEMENTS--GENERAL INFORMATION
fixed length control field 230627b xxu||||| |||| 00| 0 eng d
020 ## - INTERNATIONAL STANDARD BOOK NUMBER
International Standard Book Number 9966996702
082 ## - DEWEY DECIMAL CLASSIFICATION NUMBER
Classification number 333.916
Item number KIM
100 ## - MAIN ENTRY--PERSONAL NAME
Titles and words associated with a name Peter Kimuyu
245 ## - TITLE STATEMENT
Title Water Sources and use in Semi-Arid Africa:
Remainder of title Insights from machakos District, Kenya
Statement of responsibility, etc. Occasional Paper No.OP/01/98
Medium September, 1998
260 ## - PUBLICATION, DISTRIBUTION, ETC. (IMPRINT)
Place of publication, distribution, etc. Kenya
Name of publisher, distributor, etc. Institute of Policy Analysis and Research
Date of publication, distribution, etc. september 1998
300 ## - PHYSICAL DESCRIPTION
Extent 52p
942 ## - ADDED ENTRY ELEMENTS (KOHA)
Source of classification or shelving scheme Dewey Decimal Classification
Koha item type Books
Holdings
Withdrawn status Lost status Source of classification or shelving scheme Damaged status Not for loan Home library Current library Date acquired Total Checkouts Full call number Barcode Date last seen Price effective from Koha item type
    Dewey Decimal Classification     County Hall Archives County Hall Archives 06/27/2023   333.916 KIM 10011709 06/27/2023 06/27/2023 Books
    Dewey Decimal Classification     County Hall Archives County Hall Archives 06/27/2023   333.916 KIM 10011710 06/27/2023 06/27/2023 Books
LIBRARY OPENING HOURS

When the Parliament is sitting: 8.00a.m - 7.00p.m or until the house adjourns
Mondays and Fridays and when the House is on Recess:  8.00a.m - 5.00p.m
Closed on Weekends and Public Holidays

Online Public Access Catalog (OPAC)
Website: http://www.parliament.go.ke
Bunge Library: https://libraryir.parliament.go.ke
Contact: library@parliament.go.ke | Tel no: (254-2)2221291 or 2848000 Ext 5043